000 01106cam a2200313 i 4500
001 62516
003 Mx-PuUPA
005 20260416112838.0
008 150511s1997 mx r 000 0 spa d
020 _a9684099002
040 _aMx-PuUPA
_bspa
_cMx-PuUPA
_dMx-PuUPA
_erda
041 0 _aspa
043 _an-mx---
100 1 _aCamiro Gutiérrez Zamora, Angel,
_eautor
_9387
245 1 3 _aEl origen del guadalupanismo :
_bfue Montúfar, y no Zumárraga, el padre de la devoción a la Virgen de Guadalupe /
_cÁngel Camiro Gutiérrez Zamora
250 _aSegunda edición /
_babril
264 1 _aMéxico :
_bEdamex,
_c1997
300 _a211 páginas ;
_c21 cm
336 _2rdacontent
_atexto
_btxt
337 _asin medio
_2rdamedia
_bn
338 _avolumen
_2rdacarrier
_bnc
600 0 4 _aVirgen María
_xCulto
_zMéxico
600 0 4 _aZumárraga, Juan de,
_d1468-1548
600 0 4 _aMontúfar, Alonso de,
_d1512-1570
600 0 4 _aVirgen de Guadalupe
_zMéxico
_xHistoria de la iglesia
_ySiglo VI
942 _2ddc
_cLI
_h232.917
_iC73
999 _c62516
_d62516